| 000 | 01361nam a22003617a 4500 | ||
|---|---|---|---|
| 003 | CHAP | ||
| 005 | 20220329143140.0 | ||
| 008 | 060817d2006 mx bd rs o00110 spa d | ||
| 010 | _a92538 | ||
| 011 | _a93510 | ||
| 020 | _a9701346726 | ||
| 035 | _a104086 | ||
| 040 | _cCHAP | ||
| 082 | 0 | 4 |
_a312.0972 _bI63 Chih. |
| 110 | 2 |
_aInstituto Nacional de Estadística, Geografía e Informática. México _959304 |
|
| 245 | 1 | 0 |
_aIndicadores sociodemográficos de Chihuahua _c/por Instituto Nacional de Estadística, Geografía e Informática |
| 260 |
_aAguascalientes, Ags. : _bInstituto Nacional de Estadística, Geografía e Informática, _c200- |
||
| 300 |
_av. : _bgráfs. ; cuadros |
||
| 500 | _aLa biblioteca tiene: 1930-2000 | ||
| 590 |
_aBATCH-UPD _b10 _c20130110 _lUCH01 _h1943 |
||
| 590 |
_aBATCH-UPD _b10 _c20130410 _lUCH01 _h1305 |
||
| 590 |
_aBATCH-UPD _b10 _c20130914 _lUCH01 _h0922 |
||
| 590 |
_aCONVERSION _b10 _c20130109 _lUCH01 _h1351 |
||
| 650 | 1 | 4 |
_aChihuahua _xCondiciones sociales. _922295 |
| 650 | 1 | 4 |
_aDemografía. _931742 |
| 650 | 1 | 4 |
_aEmigración e inmigración. _936517 |
| 650 | 1 | 4 |
_aPoblación _xEstadísticas _zChihuahua. _989375 |
| 650 | 1 | 4 |
_aVivienda. _9120116 |
| 901 | _aBK | ||
| 905 | _aMarco A. Mendoza T. | ||
| 942 | _cLIBRO | ||
| 949 |
_a312.0972 I63 Chih. _bBC _cINEGI _d33724000998670 _eINEGI _f1930-2000 _gDonaciØn _h107729 _i104086 _sb |
||
| 999 |
_c92538 _d92538 |
||